Epidemiology of cervical cancer in Colombia /
Guardado en:
| 主要作者: | |
|---|---|
| 其他作者: | |
| 格式: | Texto |
| 标签: |
添加标签
没有标签, 成为第一个标记此记录!
|
MARC
| LEADER | 00000 a a2200000 04500 | ||
|---|---|---|---|
| 001 | 47546 | ||
| 003 | |||
| 040 | |||
| 100 | |a Muñoz, Nubia | ||
| 245 | |a Epidemiology of cervical cancer in Colombia / |c Nubia Muñoz, Luis Eduardo Bravo | ||
| 700 | |a Bravo, Luis Eduardo | ||
| 773 | |a volumen56, número5, (2014), páginas 431-439 | ||
| 999 | |c 31686 |d 31686 | ||
